General principles of Malaysian law (with special reference to the travel and tourism industry)

Bibliographic Details
Main Author: Nuraistah Chua Abdullah
Format: Book
Published: Shah Alam : Pusat Penerbitan Universiti , 2002
Subjects:

MARC

LEADER 00000cam a2200000 7i4500
001 0000087027
005 20040921.0
020 |a 9679581438 
090 0 0 |a 343.59507891   |b NUR 
100 1 |a Nuraistah Chua Abdullah 
245 1 0 |a General principles of Malaysian law (with special reference to the travel and tourism industry)   |c Nuraisyah Chua Abdullah 
260 |a Shah Alam :   |b Pusat Penerbitan Universiti ,   |c 2002 
300 |a 177p. ;   |c 23cm. 
650 0 0 |a Law   |z Malaysia 
650 0 0 |a Tourism   |x Law and legislation   |z Malaysia 
999 |a 00175015   |b BUKU   |c MALAYSIANA   |e PERPUSTAKAAN KOMUNITI PETALING JAYA